Canciones Ana Mena - Estadísticas

Estadísticas generales
  • Esta prueba ha sido intentada 89 veces
    34 desde el último reinicio
  • La puntuación promedio es 12 de 41
Estadísticas de respuestas
Hint Respuesta % Correcto
Bellodrama Música Ligera
72%
Bellodrama A Un Paso De La Luna(Ft: Rocco Hunt)
68%
Bellodrama LAS 12 (Ft: Belinda)
68%
Sencillo Madrid City
68%
Colaboraciones Carita Triste (Ft: Emilia)
64%
Colaboraciones Quiero Decirte (Ft: Abraham Mateo)
60%
Sencillo Lárgate
52%
Bellodrama Lentamente
52%
Bellodrama Ben & Jerry's
48%
Bellodrama Un Clásico
48%
Bellodrama Me He Pillao X Ti(Ft: Natalia Lacunza)
44%
Bellodrama Se Iluminaba (Ft: Fred De Palma)
44%
Bellodrama Bebé (Ft: Dejota2021)
36%
Colaboraciones La Razón (Ft: Gale)
36%
Bellodrama Rojo Amanecer
36%
Colaboraciones Un Beso De Improviso (Ft: Rocco Hunt)
36%
Bellodrama Me Enamoro
32%
Colaboraciones Solo (Ft: Omar Montes y Maffio)
32%
Sencillo La Gata Bajo La Lluvia
28%
Bellodrama Llorando En La Disco
28%
Sencillo Cuando La Noche Arriba
24%
Bellodrama Mañana Dios Dirá
24%
Bellodrama Mentirás (Ft: Ir Sais)
24%
Colaboraciones Acquamarina (Ft: Gué)
20%
Colaboraciones Me Quedo (Ft: Nil Moliner)
20%
Bellodrama Un Millón De Lunas
20%
Sencillo A Otro Ritmo
16%
Colaboraciones Ave De Paso (Ft: Pablo Alborán)
16%
Colaboraciones Cinema Spento (Ft: Dargen D'Amico)
12%
Colaboraciones CRIMINAL (Ft: Fred De Palma)
12%
Colaboraciones Diles (Ft: Malú)
12%
Colaboraciones AVENTURA (Ft: ZABDIEL)
8%
Colaboraciones Por Tu Calle (Ft: Pepe y Vizio)
8%
Colaboraciones Antes De Novios (Ft: Mario Bautista)
4%
Colaboraciones CAMIONETOTA (Ft: FMK, Omar Montes, Rusherking, Lit Killah, Mesita)
4%
Colaboraciones Como Amigos (Ft: Miranda!)
4%
Colaboraciones Como Yo Te Quiero (Ft: Khea)
4%
Colaboraciones No Dejes Que Pase El Tiempo (Ft: Dorian)
4%
Colaboraciones A Un Paso De La Luna Remix (Ft: Rocco Hunt, Reik)
0%
Colaboraciones Espacio En Tu Corazón Remix(Ft: Enrique Iglesias)
0%
Colaboraciones Me Quedo Remix (Ft: Nil Moliner, Rafa Pabön)
0%
No se encontraron pruebas coincidentes
Distribución de puntuación
Porcentaje de gente con cada puntuación
Porcentaje por número respondido
Historial de tus puntuaciones
No has intentado esta prueba desde el último reinicio